Gemeinden und Städte im Kreis Ostholstein - Statistiken

Allgemein
  • Dieses Quiz wurde 62 mal gespielt
  • Das Durchschnittsergebnis liegt bei 14 aus 36
Antwortstatistiken
Gemeinden und Städte % Korrekt
Neustadt in Holstein
84%
Oldenburg in Holstein
78%
Grömitz
76%
Eutin
73%
Fehmarn
70%
Heiligenhafen
70%
Scharbeutz
65%
Timmendorfer Strand
65%
Großenbrode
59%
Malente
59%
Lensahn
57%
Bad Schwartau
49%
Dahme
49%
Ratekau
49%
Ahrensbök
43%
Stockelsdorf
43%
Bosau
41%
Schönwalde am Bungsberg
41%
Süsel
41%
Kellenhusen
35%
Sierksdorf
35%
Grube
27%
Heringsdorf
27%
Wangels
22%
Altenkrempe
14%
Beschendorf
14%
Göhl
14%
Kasseedorf
14%
Manhagen
14%
Riepsdorf
14%
Damlos
11%
Gremersdorf
11%
Kabelhorst
11%
Neukirchen
11%
Schashagen
11%
Harmsdorf
8%
Keine übereinstimmenden Quizze gefunden
Verteilung der Resultate
Anzahl Personen mit jedem Resultat
Perzentil nach korrekt beantworteten Fragen
Ihre Resultats-Entwicklung
Sie haben dieses Quiz noch nicht gespielt